国内の「ららぽーと」 - Statistics

General Stats
  • This quiz has been taken 318 times
  • The average score is 7 of 19
Answer Stats
開業年 都道府県 Answer % Correct
2007 神奈川 ららぽーと横浜
62%
1981 千葉 ららぽーとTOKYO-BAY
58%
2006 東京 アーバンドックららぽーと豊洲
52%
2015 神奈川 ららぽーと海老名
47%
2004 兵庫 ららぽーと甲子園
45%
2022 福岡 ららぽーと福岡
44%
2019 静岡 ららぽーと沼津
42%
2015 埼玉 ららぽーと富士見
40%
2022 大阪 ららぽーと堺
40%
2009 埼玉 ららぽーと新三郷
37%
2014 大阪 ららぽーと和泉
37%
2016 神奈川 ららぽーと湘南平塚
35%
2009 静岡 ららぽーと磐田
34%
2006 千葉 ららぽーと柏の葉
33%
2023 大阪 ららぽーと門真
32%
2015 東京 ららぽーと立川立飛
25%
2015 大阪 ららぽーとEXPOCITY
24%
2020 愛知 ららぽーと愛知東郷
17%
2018 愛知 ららぽーと名古屋みなとアクルス
13%
No matching quizzes found
Score Distribution
Percent of People with Each Score
Percentile by Number Answered
Your Score History
You have not taken this quiz